Most Guessed Movies - Statistics

General Stats
  • This quiz has been taken 48 times
  • The average score is 8 of 20
Answer Stats
% year movie % Correct
91 1972 The Godfather
89%
84 1977 Star Wars
80%
58 1942 Casablanca
69%
81 1994 Forrest Gump
62%
81 2001 The Lord of the Rings: The Fellowship of the Ring
53%
67 1994 Pulp Fiction
44%
64 1999 Fight Club
42%
79 1994 The Shawshank Redemption
42%
75 2008 The Dark Knight
40%
61 1981 Raiders of the Lost Ark
38%
56 1980 The Empire Strikes Back
38%
59 1985 Back to the Future
36%
61 1979 Alien
31%
59 2000 Gladiator
31%
55 2003 The Lord of the Rings: The Return of the King
29%
56 2002 The Lord of the Rings: The Two Towers
29%
70 1999 The Matrix
27%
54 1995 Se7en
22%
53 1980 The Shining
22%
69 1974 The Godfather: Part II
16%
No matching quizzes found
Score Distribution
Percent of People with Each Score
Percentile by Number Answered
Your Score History
You have not taken this quiz